000 00704nam a2200289Ia 4500
005 20260324122825.0
008 008 260324s9999 xx 000 0 eng d
020 _a9780203829783
037 _aEBOOK
040 _aCRL
040 _beng
040 _cCRL
041 _2eng
041 _aeng
084 _qCRL
100 _aJohn M. Robertson
_91167959
245 0 _aTough Guys and True Believers
245 0 _bManaging Authoritarian Men in the Psychotherapy Room
260 _bTaylor and Francis
260 _c2012
365 _a
365 _b230
856 _uhttp://www.taylorfrancis.com/books/9780203829783
942 _cEBOOK
999 _c1760984
_d1760984